000 00257nam a2200109Ia 4500
008 220204s9999 xx 000 0 und d
082 _a82-7
_bALV
100 _aAlvin, Julius
245 0 _aTotally gross jokes
260 _aNew York
_bZebra
_c1983
942 _cBK
999 _c37458
_d37458